| 000 | 00417nam a2200145 4500 | ||
|---|---|---|---|
| 001 | 136992 | ||
| 003 | ES-MaACL | ||
| 007 | t| | ||
| 008 | 070214s1964 fr r ||||1| fre d | ||
| 100 | 1 |
_aSaint Pierre, Michel de. _9101551 |
|
| 245 | 1 | 4 |
_aLes nouveaux prĂȘtres _b: roman / _cMichel de Saint Pierre. |
| 260 |
_aParis : _bLa Table Ronde, _c1964. |
||
| 300 |
_a312 p. ; _c20 cm. |
||
| 852 |
_aES-MaACL _jE-7346 _bR.91918 |
||
| 999 |
_c136992 _d136992 |
||